Alfa Romeo. (Record no. 548332)

000 -LEADER
fixed length control field 00514nam a2200169 4500
020 ## - INTERNATIONAL STANDARD BOOK NUMBER
International Standard Book Number 0345021967
082 00 - DEWEY DECIMAL CLASSIFICATION NUMBER
Classification number 629.2222
Author Mark ALF
-- L-30, P-134
100 1# - MAIN ENTRY--PERSONAL NAME
Personal name Hull, Peter.
9 (RLIN) 44579
245 10 - TITLE STATEMENT
Title Alfa Romeo.
260 ## - PUBLICATION, DISTRIBUTION, ETC.
Place of publication, distribution, etc. [New York,
Name of publisher, distributor, etc. Ballantine Books,
Date of publication, distribution, etc. 1971]
300 ## - PHYSICAL DESCRIPTION
Extent 157 p.
Other physical details illus., ports.
Dimensions 21 cm.
490 0# - SERIES STATEMENT
Series statement Ballantine's illustrated history of the car. Marque book no. 2
526 ## - STUDY PROGRAM INFORMATION NOTE
Program name 0
Interest level 0
Reading level 0
Title point value 629_222200000000000_ALF
650 #0 - SUBJECT ADDED ENTRY--TOPICAL TERM
Topical term or geographic name entry element Alfa Romeo automobile.
9 (RLIN) 44580
650 #0 - SUBJECT ADDED ENTRY--TOPICAL TERM
Topical term or geographic name entry element MCE
9 (RLIN) 379
942 ## - ADDED ENTRY ELEMENTS (KOHA)
Source of classification or shelving scheme
Koha item type Book
Holdings
Withdrawn status Lost status Source of classification or shelving scheme Damaged status Not for loan Permanent Location Current Location Date acquired Total Checkouts Full call number Barcode Date last seen Price effective from Koha item type
          Military College of Engineering (MCE) Military College of Engineering (MCE) 08/27/2014   629.2222 ALF MCE-3944 08/27/2014 08/27/2014 Book
© 2023 Central Library, National University of Sciences and Technology. All Rights Reserved.